[Event "Valencia Autonomico Sur-B"]
[Site "Valencia"]
[Date "2009.02.07"]
[Round "5.4"]
[White "Monserrat Castells, Julio"]
[Black "Cavero Cavero, Daniel"]
[Result "0-1"]
[WhiteElo "2015"]
[BlackElo "2039"]
[PlyCount "185"]
[EventDate "2009.01.10"]
[EventType "team-tourn"]
[EventRounds "5"]
[EventCountry "ESP"]
[SourceTitle "EXT 2011"]
[Source "ChessBase"]
[SourceDate "2010.11.26"]
[SourceVersion "1"]
[SourceVersionDate "2010.11.26"]
[SourceQuality "1"]

1. d4 e6 2. Nf3 d5 3. Bg5 Be7 4. Bxe7 Qxe7 5. c3 Nf6 6. e3 Nbd7 7. Bd3 c5 8. 0-0 b6 9. Nbd2 Bb7 10. Rc1 Rc8 11. a3 c4 12. Bb1 b5 13. Ne1 a5 14. f4 Qd6 15. Nef3 g6 16. Ne5 Rb8 17. Ndf3 Ne4 18. Qe1 f6 19. Nxd7 Kxd7 20. Qd1 Bc6 21. b4 cxb3 22. Qxb3 Rhc8 23. Bd3 Qe7 24. Bxe4 dxe4 25. Nd2 Bd5 26. c4 bxc4 27. Qa4+ Bc6 28. Qxa5 Ra8 29. Qb4 Bd5 30. Qb5+ Bc6 31. Qxc4 Qxa3 32. Rc3 Qa5 33. Nb3 Qd5 34. Nc5+ Ke7 35. Rfc1 Qxc4 36. Rxc4 Bd5 37. R4c3 Rcb8 38. R1c2 Rb1+ 39. Kf2 h5 40. h4 Raa1 41. Re2 Kd6 42. Rd2 g5 43. hxg5 fxg5 44. fxg5 h4 45. g3 Rf1+ 46. Kg2 Rg1+ 47. Kh3 Rxg3+ 48. Kxh4 Rag1 49. Rb2 Rg4+ 50. Kh3 Rxg5 51. Kh2 Rg8 52. Rcc2 R1g7 53. Rg2 Rh8+ 54. Kg1 Rf7 55. Rbf2 Ra7 56. Rb2 Ra1+ 57. Kf2 Rf8+ 58. Kg3 Rf3+ 59. Kh2 Rxe3 60. Rg7 Ra2 61. Nb7+ Bxb7 62. Rxa2 Rb3 63. Rd2 Rb1 64. Rg1 Rb5 65. Re1 Rg5 66. Re3 Kd5 67. Rb3 Bc6 68. Rc3 Kd6 69. Re3 Rg7 70. Rg3 Rf7 71. Kg1 Bb5 72. Re3 Kd5 73. Rf2 Ra7 74. Rd2 Bd3 75. Kf2 Rf7+ 76. Kg3 Kxd4 77. Re1 e5 78. Rdd1 e3 79. Kg2 Rf2+ 80. Kg3 Rf8 81. Kg2 Ke4 82. Ra1 Rg8+ 83. Kh2 Kf3 84. Rac1 e4 85. Ra1 Kf2 86. Kh3 e2 87. Rac1 Bc2 88. Ra1 Bd1 89. Raxd1 exd1Q 90. Rxd1 e3 91. Rd7 Rf8 92. Ra7 e2 93. Ra2 0-1

[Event "Valencia Autonomico Sur-B"]
[Site "Valencia"]
[Date "2009.01.10"]
[Round "1.4"]
[White "Lizon Castell, Javier"]
[Black "Monserrat Castells, Julio"]
[Result "1-0"]
[WhiteElo "2016"]
[BlackElo "2015"]
[PlyCount "55"]
[EventDate "2009.01.10"]
[EventType "team-tourn"]
[EventRounds "5"]
[EventCountry "ESP"]
[SourceTitle "EXT 2011"]
[Source "ChessBase"]
[SourceDate "2010.11.26"]
[SourceVersion "1"]
[SourceVersionDate "2010.11.26"]
[SourceQuality "1"]

1. d4 d5 2. Bg5 Bf5 3. e3 Nd7 4. c4 c6 5. Nc3 Qb6 6. Qb3 Qxb3 7. axb3 e6 8. c5 a6 9. b4 Rc8 10. Nf3 h6 11. Bf4 Be7 12. Be2 Ngf6 13. h3 Bd8 14. 0-0 Bc7 15. Bxc7 Rxc7 16. b5 0-0 17. bxa6 bxa6 18. Rxa6 Rb8 19. Na4 Bc2 20. Nb6 Bf5 21. Rc1 Kf8 22. g4 Bg6 23. Nd2 Ke7 24. Rc3 Rcb7 25. Rb3 Bc2 26. Rb4 Rd8 27. Nxd5+ cxd5 28. Rxb7 1-0

[Event "Cullera op-B"]
[Site "Cullera"]
[Date "2006.07.24"]
[Round "4"]
[White "Monserrat Castells, Julio"]
[Black "Garcia Perez, Ramon"]
[Result "1/2-1/2"]
[WhiteElo "1966"]
[BlackElo "1889"]
[PlyCount "146"]
[EventDate "2006.07.20"]
[EventType "tourn"]
[EventRounds "8"]
[EventCountry "ESP"]
[SourceTitle "EXT 2007"]
[Source "ChessBase"]
[SourceDate "2006.11.23"]
[SourceVersion "1"]
[SourceVersionDate "2006.11.23"]
[SourceQuality "1"]

1. d4 d5 2. Nf3 e6 3. Bg5 Be7 4. Bxe7 Qxe7 5. c3 Nd7 6. e3 Ngf6 7. Nbd2 0-0 8. Bd3 c5 9. Rc1 b6 10. 0-0 Bb7 11. Qe2 Rfc8 12. h3 e5 13. dxe5 Nxe5 14. Nxe5 Qxe5 15. Nf3 Qh5 16. Rfd1 Re8 17. b4 c4 18. Bb1 a6 19. Rd4 Ne4 20. Qd1 f5 21. Bxe4 fxe4 22. Ne1 Qf7 23. Rd2 Re6 24. Nc2 Rg6 25. Nd4 Qd7 26. Ne2 Rf8 27. Ng3 Qe6 28. Qh5 Qe7 29. Qd1 Qe6 30. a3 Qe7 31. Ra2 Qe5 32. a4 Qe6 33. a5 b5 34. Qd4 Qd6 35. Rd1 Qd7 36. Rc2 Qf7 37. Qe5 Re6 38. Qd4 Rg6 39. Kh1 Rf6 40. Rdd2 h5 41. Qe5 h4 42. Nf1 Rf5 43. Qd4 Qg6 44. Nh2 Rg5 45. Ng4 Bc8 46. Ne5 Qe6 47. f4 exf3 48. Ng4 fxg2+ 49. Rxg2 Rf1+ 50. Rg1 Qf5 51. Rcg2 Qf3 52. Kh2 Rxg1 53. Rxg1 Bxg4 54. Rxg4 Rxg4 55. hxg4 Qe4 56. Qd1 Qd3 57. Qf3 g5 58. Qf6 Qe2+ 59. Kh1 Qe1+ 60. Kh2 Qg3+ 61. Kh1 Qxg4 62. Qg6+ Kf8 63. Qf6+ Ke8 64. Qe5+ Kf7 65. Qxd5+ Kf6 66. Qd6+ Qe6 67. Qd8+ Kf5 68. Qd2 Qe4+ 69. Kh2 Qe5+ 70. Kh1 Kg4 71. Qe2+ Kf5 72. Qf3+ Ke6 73. Qc6+ Qd6 1/2-1/2

[Event "Valencia Autonomico-B"]
[Site "Valencia"]
[Date "2004.01.31"]
[Round "3.4"]
[White "Diez Machin, Vicente"]
[Black "Monserrat Castells, Julio"]
[Result "1-0"]
[WhiteElo "2090"]
[BlackElo "2055"]
[PlyCount "75"]
[EventDate "2004.01.17"]
[EventType "team"]
[EventRounds "5"]
[EventCountry "ESP"]
[SourceTitle "CBM 098 Extra"]
[Source "ChessBase"]
[SourceDate "2004.03.10"]
[SourceVersion "2"]
[SourceVersionDate "2004.03.10"]
[SourceQuality "1"]

1. e4 e6 2. d4 d5 3. e5 c5 4. c3 Qb6 5. Nf3 Bd7 6. a3 cxd4 7. cxd4 Bb5 8. Bxb5+ Qxb5 9. Nc3 Qa6 10. Qe2 Qxe2+ 11. Kxe2 h6 12. Nb5 Kd7 13. Bd2 a6 14. Nc3 Nc6 15. Na4 Kc7 16. Rhc1 b5 17. Nc5 Bxc5 18. Rxc5 Nge7 19. Rac1 Kd7 20. g4 Rac8 21. Ke3 h5 22. h3 hxg4 23. hxg4 Rh3 24. Ke2 f6 25. exf6 gxf6 26. Bf4 Rg8 27. Rg1 Re8 28. Rgc1 Reh8 29. R1c3 Rh1 30. g5 fxg5 31. Bxg5 R1h7 32. Bxe7 Nxe7 33. Rc7+ Ke8 34. Ne5 Rg8 35. Rc8+ Nxc8 36. Rxc8+ Ke7 37. Rc7+ Kf6 38. Rxh7 1-0

[Event "Valencia Autonomico-B"]
[Site "Valencia"]
[Date "2004.01.17"]
[Round "1.4"]
[White "Vila Antunez, Joaquin"]
[Black "Monserrat Castells, Julio"]
[Result "0-1"]
[WhiteElo "2219"]
[BlackElo "2055"]
[PlyCount "100"]
[EventDate "2004.01.17"]
[EventType "team"]
[EventRounds "5"]
[EventCountry "ESP"]
[SourceTitle "CBM 098 Extra"]
[Source "ChessBase"]
[SourceDate "2004.03.10"]
[SourceVersion "2"]
[SourceVersionDate "2004.03.10"]
[SourceQuality "1"]

1. d4 c5 2. d5 Nf6 3. c4 b5 4. cxb5 a6 5. bxa6 g6 6. Nc3 Bxa6 7. g3 Bg7 8. Bg2 d6 9. Nf3 Nbd7 10. 0-0 Nb6 11. Re1 0-0 12. e4 Nc4 13. Qc2 Qa5 14. Bf1 Rfb8 15. Bxc4 Bxc4 16. Bd2 Ba6 17. e5 Ng4 18. exd6 exd6 19. Rac1 Qb6 20. h3 Nf6 21. Bf4 Nh5 22. Na4 Qd8 23. Bg5 Qd7 24. Kg2 Bc8 25. g4 Rxa4 26. Re7 Qb5 27. b3 Nf4+ 28. Kg3 Nh5+ 29. gxh5 Rb4 30. a4 Qb6 31. Re8+ Bf8 32. Rxf8+ Kxf8 33. Qc3 Rd4 34. Bh6+ Ke8 35. Qe3+ Kd7 36. Nxd4 cxd4 37. Qe4 Qxb3+ 38. f3 Bb7 39. hxg6 Bxd5 40. Qg4+ Be6 41. Qxd4 hxg6 42. Bf4 Qd5 43. Qa7+ Rb7 44. Qa8 Ke7 45. Qh8 Qf5 46. Qh4+ Kd7 47. Rd1 Rb6 48. Rd2 Rc6 49. Qh8 g5 50. Be3 Bd5 0-1

[Event "Cullera op 23rd"]
[Site "Valencia"]
[Date "2002.07.21"]
[Round "4"]
[White "Cardona Cervera, Ximo"]
[Black "Monserrat Castells, Julio"]
[Result "1-0"]
[WhiteElo "1849"]
[BlackElo "2157"]
[PlyCount "95"]
[EventDate "2002.07.18"]
[EventType "swiss"]
[EventRounds "9"]
[EventCountry "ESP"]
[SourceTitle "CBM 089 Extra"]
[Source "ChessBase"]
[SourceDate "2002.09.10"]
[SourceVersion "2"]
[SourceVersionDate "2002.09.10"]
[SourceQuality "1"]

1. e4 e6 2. d4 d5 3. exd5 exd5 4. Bd3 Nc6 5. c3 Bd6 6. Ne2 Bg4 7. f3 Bc8 8. 0-0 Nge7 9. Bf4 Bf5 10. Re1 Bxd3 11. Qxd3 Bxf4 12. Nxf4 Qd6 13. Nh3 0-0-0 14. b4 f6 15. a4 g5 16. Na3 h5 17. Nb5 Qd7 18. Qe2 Rh7 19. Qe6 g4 20. fxg4 hxg4 21. Qxd7+ Kxd7 22. Nf2 Rg8 23. g3 Nf5 24. Nd3 a6 25. Nc5+ Kc8 26. Na3 Rgh8 27. Ra2 Nxg3 28. b5 axb5 29. Nxb5 Nd8 30. a5 c6 31. a6 Kb8 32. Nd6 b6 33. Rb1 Ne4 34. Rxb6+ Ka8 35. Ncxe4 dxe4 36. Nxe4 f5 37. Nc5 f4 38. Rab2 Ka7 39. c4 Re8 40. Rb7+ Nxb7 41. axb7 Rhe7 42. Ra2+ Kb6 43. Rb2+ Ka7 44. Kf1 Re1+ 45. Kf2 f3 46. b8Q+ Rxb8 47. Ra2+ Kb6 48. Kxe1 1-0